000 00977nam a22001817a 4500
003 OSt
005 20251211082814.0
008 251210b |||||||| |||| 00| 0 eng d
040 _cDCL
082 _a၂၉၄.၃၈၂၃၅၃
100 _aပညာသာမိမဟာထေ၊
_bဘဒန္တ။
245 1 0 _aဇာတကအဘိနဝဋီကာ၊
_n(စတုတ္တော ဘာဂေါ) စတ္တာလီသနိပါတဝဏ္ဏနာ-အသီတိနိပါတဝဏ္ဏနာ /
_cဘဒန္တပညာသာမိမဟာထေ။
264 _aမန္တလေး ၊
_bနိုင်ငံတော်ပရိယတ္တိသာသနာ့တက္ကသိုလ်၊
_c၂၀၁၈။
300 _a၃၀၆ စာမျက်နှာ ၊
_c၂၆ စင်တီ။
500 _aအက္ခရာစဉ်အညွှန်းပါသည်။
650 _aဇာတက
942 _2ddc
_cSHORT TERM
_n0
999 _c2685
_d2685